|
|
|
|
| LEADER |
00000naa2a2200000 4500 |
| 001 |
98394 |
| 005 |
20231031111321.0 |
| 035 |
|
|
|a (RuTPU)RU\TPU\book\105477
|
| 090 |
|
|
|a 98394
|
| 100 |
|
|
|a 20060619d2005 k y0rusy50 ca
|
| 101 |
0 |
|
|a rus
|
| 102 |
|
|
|a RU
|
| 200 |
1 |
|
|a Женщина в бизнесе
|f М. А. Пученко
|
| 320 |
|
|
|a Библиогр.: 4 назв.
|
| 463 |
|
0 |
|0 (RuTPU)RU\TPU\book\70159
|t Бизнес и этика
|o труды III региональной научно-практической конференции студентов, молодых ученых и предпринимателей, Томск, 25 ноября 2005 г.
|f Томский политехнический университет; Бизнес и этика, региональная научно-практическая конференция
|v С. 83-84.
|d 2005
|p 164 с.
|
| 610 |
1 |
|
|a женщины
|
| 610 |
1 |
|
|a бизнес
|
| 610 |
1 |
|
|a управление
|
| 610 |
1 |
|
|a труды учёных ТПУ
|
| 700 |
|
1 |
|a Пученко
|b М. А.
|
| 801 |
|
1 |
|a RU
|b 63413507
|c 20060619
|g PSBO
|
| 942 |
|
|
|c BK
|